00375nam a2200145Ia 4500003000400000008004100004020002300045040000800068082001900076100002100095245005800116260002900174300001400203365001200217LDD181105s9999 xx 000 0 und d a387008365c3888.55 cLDD a515.2433 V958F aVretblad, Anders 0aFourier analysis and its applicationcAnders Vretblad aNew YorkbSpringerc2006 axi, 269p. bE 64.95